000 00578nam a2200169 a 4500
001 9254
003 CO-ViMGA
008 141112s2004 ck r 000 u spa d
040 _aCO-ViMGA
_bspa
_cCO-ViMGA
082 0 4 _a658.4012 J65
100 1 _aJohansen ; Robert, Rob Swigart,
_99928
245 1 0 _aEl crecimiento profesional en el downsizing organizacional :
_bcómo sobrevivir a la reingenieria, la globalización y al cambio tecnológicos.
260 _aMexico :
_bCECSA,
_c1996
300 _a230P.
650 1 4 _aREINGENIERIA, ESTRUCTURAS, EMERGENTES.
_99929
942 _2ddc
_cBK
999 _c20788
_d20788